Concise Oxford Dictionary (Record no. 16449)
[ view plain ]
| 000 -LEADER | |
|---|---|
| fixed length control field | 00234nam a22000977a 4500 |
| 003 - CONTROL NUMBER IDENTIFIER | |
| control field | OSt |
| 008 - FIXED-LENGTH DATA ELEMENTS--GENERAL INFORMATION | |
| fixed length control field | 210113b ||||| |||| 00| 0 eng d |
| 100 ## - MAIN ENTRY--AUTHOR NAME | |
| Personal name | Fowler, H. W |
| -- | Fowler, C. B |
| 245 ## - TITLE STATEMENT | |
| Title | Concise Oxford Dictionary |
| 942 ## - ADDED ENTRY ELEMENTS (KOHA) | |
| Koha item type | Books |
| Withdrawn status | Lost status | Damaged status | Home library | Current library | Date acquired | Accession Number | Koha item type |
|---|---|---|---|---|---|---|---|
| KAUAET | KAUAET | 13/01/2021 | 804 | Books |
